000 00562nam a2200205Ia 4500
005 20250923145522.0
008 008 250917s9999 xx 000 0 eng d
037 _aTextual
040 _aDSWL
_beng
_cDSWL
041 _aeng
_2eng
084 _aY15.:2, N80
_qDSWL
100 _aOmvedt, Gail
_9836150
245 0 _aWe will smash this prison !
_c by Gail Omvedt
260 _aNew Delhi
_bDelhi Orient Longman
_c1979
300 _a189 p.
365 _aINR
_b63
925 _g63
942 _cTEXL
_hY15.:2, N80
999 _c1452350
_d1452350